| 000 | 00455nam a2200133Ia 4500 | ||
|---|---|---|---|
| 008 | 250506s9999 xx 000 0 und d | ||
| 024 | _a11B-010-BS, 11B-027-BS & 11B-049-BS | ||
| 082 | _a005.4072 MUH | ||
| 100 | _aMuhammad Mustafa Khateeb, Syed Muhammad Sajid Karim & Syed Ibad Rehman | ||
| 245 | 0 | _aSecure File Sharing Using Cryptography | |
| 260 |
_aKarachi: _bUIT, _c2012 |
||
| 600 | _aComputer Science | ||
| 650 | _aBachelor of Computer Science (BS) | ||
| 999 |
_c28815 _d28815 |
||